Microprocessors Introduction to programming (Record no. 69297)

000 -LEADER
fixed length control field 00431nam a22001577a 4500
003 - CONTROL NUMBER IDENTIFIER
control field NUST - PNEC
005 - DATE AND TIME OF LATEST TRANSACTION
control field 20170116181115.0
008 - FIXED-LENGTH DATA ELEMENTS--GENERAL INFORMATION
fixed length control field 151004b xxu||||| |||| 00| 0 eng d
040 ## - CATALOGING SOURCE
Transcribing agency LIBRARY
082 ## - DEWEY DECIMAL CLASSIFICATION NUMBER
Classification number 621.381955 MIC
100 ## - MAIN ENTRY--PERSONAL NAME
9 (RLIN) 13166
Personal name Heath company
245 ## - TITLE STATEMENT
Title Microprocessors Introduction to programming
Statement of responsibility, etc. Heath company
260 ## - PUBLICATION, DISTRIBUTION, ETC.
Date of publication, distribution, etc. c.1979
650 ## - SUBJECT ADDED ENTRY--TOPICAL TERM
9 (RLIN) 13163
Topical term following geographic name entry element Management information system
General subdivision MIS
942 ## - ADDED ENTRY ELEMENTS (KOHA)
Source of classification or shelving scheme
Koha item type Book
Holdings
Withdrawn status Lost status Source of classification or shelving scheme Damaged status Not for loan Permanent Location Current Location Shelving location Date acquired Total Checkouts Full call number Barcode Date last seen Price effective from Koha item type
          Pakistan Navy Engineering College (PNEC) Pakistan Navy Engineering College (PNEC)       621.381955 MIC PNECLIB-014974 10/04/2015   Book
© 2023 Central Library, National University of Sciences and Technology. All Rights Reserved.